Germanische Freiwillige im Osten / (Record no. 3374)
[ view plain ]
| 000 -LEADER | |
|---|---|
| fixed length control field | 00808cam a22002171a 4500 |
| 001 - CONTROL NUMBER | |
| control field | af 47005991 |
| 003 - CONTROL NUMBER IDENTIFIER | |
| control field | DLC |
| 005 - DATE AND TIME OF LATEST TRANSACTION | |
| control field | 20260227110835.0 |
| 008 - FIXED-LENGTH DATA ELEMENTS--GENERAL INFORMATION | |
| fixed length control field | 880812s1943 gw acf 000 0 ger c |
| 010 ## - LIBRARY OF CONGRESS CONTROL NUMBER | |
| LC control number | af 47005991 |
| 035 ## - SYSTEM CONTROL NUMBER | |
| System control number | (OCoLC)18345318 |
| 040 ## - CATALOGING SOURCE | |
| Original cataloging agency | Illinois Univ. Library |
| Transcribing agency | NcD |
| Modifying agency | NcD |
| -- | DLC |
| 050 00 - LIBRARY OF CONGRESS CALL NUMBER | |
| Classification number | D811 |
| Item number | .S325 |
| 100 1# - MAIN ENTRY--PERSONAL NAME | |
| Personal name | Schaeppi, Benno H. |
| 245 10 - TITLE STATEMENT | |
| Title | Germanische Freiwillige im Osten / |
| Statement of responsibility, etc. | von Benno H. Schaeppi ; mit einem Geleitwort des Stabsführers der Germanischen Leitstelle. |
| 260 ## - PUBLICATION, DISTRIBUTION, ETC. | |
| Place of publication, distribution, etc. | Nürnberg : |
| Name of publisher, distributor, etc. | F. Willmy, |
| Date of publication, distribution, etc. | 1943. |
| 300 ## - PHYSICAL DESCRIPTION | |
| Extent | 75 p., [24] p. of plates : |
| Other physical details | ill., ports. ; |
| Dimensions | 25 cm. |
| 440 #0 - SERIES STATEMENT/ADDED ENTRY--TITLE | |
| Title | Kriegseinsatz der Vergündeten Grossdeutschlands |
| 650 #0 - SUBJECT ADDED ENTRY--TOPICAL TERM | |
| Topical term or geographic name entry element | World War, 1939-1945 |
| General subdivision | Personal narratives, German. |
| 650 #0 - SUBJECT ADDED ENTRY--TOPICAL TERM | |
| Topical term or geographic name entry element | World War, 1939-1945 |
| General subdivision | Campaigns |
| Geographic subdivision | Eastern Front. |
No items available.